[Event "31st Andorra Open"]
[Site "La Massana AND"]
[Date "2013.07.21"]
[Round "2.5"]
[White "Sahl,S"]
[Black "Arizmendi Martinez,J"]
[Result "0-1"]
[WhiteElo "2229"]
[BlackElo "2580"]

1.d4 Nf6 2.c4 e6 3.Nc3 Bb4 4.Qc2 O-O 5.e4 d6 6.e5 dxe5 7.dxe5 Ng4 8.Nf3 Nc6
9.Qe4 Bxc3+ 10.bxc3 Qd1+ 11.Kxd1 Nxf2+ 12.Kc2 Nxe4 13.Be3 f5 14.exf6 Nxf6
15.Bf4 e5 16.Bxe5 Nxe5 17.Nxe5 Ne4 18.Nf3 Nc5 19.Rd1 Bf5+ 20.Kb2 Rae8 21.h3 Re3
22.Rc1 Be4 23.Nd4 Rf2+ 24.Ka3 a5 25.Nb3 Nxb3 26.Kxb3 c5 27.h4 Bf5 28.g4 Bxg4
29.Rg1 Bf3 30.Rg5 b6 31.Bh3 Ree2 32.Ra1 a4+ 33.Ka3 Rc2 34.Be6+ Kf8 35.Bd5 Rxc3+
36.Kxa4 Bxd5 37.cxd5 h6 38.Rg4 h5 39.Re4 Rg2 40.Rf1+ Kg8 41.Rd1 Rcc2 42.d6 Rcd2
43.Re8+ Kf7 44.Re7+ Kf6 45.Rxd2 Rxd2 46.Rd7 Ke6 47.Rxg7 Kxd6 48.a3 Kc6 49.Rg6+ Rd6
50.Rxd6+ Kxd6 51.Kb5 Kd5 52.Kxb6 c4 53.a4 c3  0-1

[Event "ch-AUT 2013"]
[Site "Feldkirch AUT"]
[Date "2013.07.22"]
[Round "3.23"]
[White "Proyer,E"]
[Black "Spiesberger,G"]
[Result "1/2-1/2"]
[WhiteElo "1911"]
[BlackElo "2077"]

1.d4 Nf6 2.c4 e6 3.Nc3 Bb4 4.Qc2 O-O 5.a3 Bxc3+ 6.Qxc3 d6 7.Bg5 Nc6 8.Nf3 Re8
9.O-O-O Ne4 10.Bxd8 Nxc3 11.bxc3 Nxd8 12.e3 f6 13.Bd3 e5 14.Nd2 Bd7 15.Rde1 Ne6
16.f3 c5 17.Ne4 cxd4 18.Nxd6 Nc5 19.Rd1 Re6 20.Ne4 b6 21.Nxc5 bxc5 22.exd4 cxd4
23.cxd4 exd4 24.Be4 Bc6 25.Bxc6 Rxc6 26.Rxd4 Rb8 27.Rhd1 Rb3 28.R1d3 Rxd3
29.Rxd3 Rxc4+ 30.Kb2 Rc7 31.Rd2 Kf7 32.Kb3 g5 33.Kb4 h5 34.a4 Ke6 35.g3 Ke5
36.a5  1/2-1/2

[Event "28th Avoine Open"]
[Site "Avoine FRA"]
[Date "2013.07.23"]
[Round "4.29"]
[White "Costa,PJ"]
[Black "Navrotescu,A"]
[Result "0-1"]
[WhiteElo "1858"]
[BlackElo "2112"]

1.d4 Nf6 2.c4 e6 3.Nc3 Bb4 4.Qc2 O-O 5.Nf3 c5 6.e3 b6 7.Be2 Bb7 8.O-O Bxc3
9.bxc3 d6 10.Rd1 Qc7 11.Nd2 Nc6 12.Bf3 Na5 13.Bxb7 Qxb7 14.Rb1 Rac8 15.Qa4 Qc7
16.Ba3 Rfd8 17.Rbc1 Qd7 18.Qb5 Rc6 19.e4 cxd4 20.cxd4 Qc8 21.c5 dxc5 22.dxc5 Nb7
23.cxb6 Rxd2 24.Re1 Rxc1 25.Rxc1 Qxc1+ 26.Qf1 Qxf1+ 27.Kxf1 Rxa2  0-1

[Event "31st Andorra Open"]
[Site "La Massana AND"]
[Date "2013.07.24"]
[Round "5.6"]
[White "Narciso Dublan,M"]
[Black "Gaudineau,E"]
[Result "0-1"]
[WhiteElo "2536"]
[BlackElo "2358"]

1.d4 Nf6 2.c4 e6 3.Nc3 Bb4 4.Qc2 O-O 5.a3 Bxc3+ 6.Qxc3 b6 7.Bg5 Bb7 8.e3 d6
9.Ne2 Nbd7 10.Qc2 h6 11.Bh4 c5 12.Rd1 Qe7 13.Nc3 Rfd8 14.f3 cxd4 15.Rxd4 Ne5
16.Be2 Ng6 17.Bg3 e5 18.Rd2 d5 19.cxd5 Nxd5 20.Nxd5 Bxd5 21.Kf2 Rac8 22.Qa4 Bc6
23.Rxd8+ Qxd8 24.Qxa7 Ra8 25.Rd1 Bd5 26.Rxd5 Qxd5 27.Qxb6 Rc8 28.e4 Qd2 29.Qb4 Qc1
30.Qb5 Rc2 31.Bxe5 Nxe5 32.Qe8+ Kh7 33.Qxe5 Qd2 34.Qf5+ Kg8 35.Qb5 Rxb2 36.Qc4 Rc2
37.Qb5 Qd4+ 38.Kg3 Qe3 39.Bf1 Qf2+ 40.Kg4 Rc5 41.Qe2 Rg5+ 42.Kf4 Qxe2 43.Bxe2 Rxg2
44.Ke3 Rxh2 45.a4 Rh1 46.a5 Ra1 47.a6 g5 48.f4 Ra3+ 49.Kd4 gxf4 50.Kc5 f3
51.Bc4 Ra4 52.Bd3 h5 53.Kb6 h4 54.Bf1 Kg7 55.a7 f2 56.Kb7 Kf6 57.a8=Q Rxa8
58.Kxa8 Ke5 59.Kb7 Kf4  0-1

[Event "Maccabiah GM2 2013"]
[Site "Jerusalem ISR"]
[Date "2013.07.26"]
[Round "8.1"]
[White "Golod,V"]
[Black "Boruchovsky,A"]
[Result "1/2-1/2"]
[WhiteElo "2578"]
[BlackElo "2441"]

1.d4 Nf6 2.c4 e6 3.Nc3 Bb4 4.Qc2 O-O 5.a3 Bxc3+ 6.Qxc3 d5 7.Nf3 dxc4 8.Qxc4 b6
9.Bg5 Ba6 10.Qc2 h6 11.Bh4 g5 12.Bg3 Qd5 13.Be5 Ne4 14.h4 Qc6 15.Rc1 Qxc2
16.Rxc2 Nd7 17.Bxc7 Rac8 18.hxg5 hxg5 19.e3 Bxf1 20.Rxf1 Ndc5 21.dxc5 Rxc7
22.c6 Rfc8 23.Nd4 Nd6 24.Rh1 Kg7 25.f4 gxf4 26.exf4 Nf5 27.Nxf5+ exf5 28.Rh5 Rxc6
29.Rxc6 Rxc6 30.Rxf5 Rc2 31.Rg5+ Kf6 32.b3 Rb2 33.b4 Rb3 34.b5 Rxa3 35.Kf2 a5
36.bxa6 Rxa6 37.Rb5 Kg6 38.g4 f6 39.Kg3 Ra3+ 40.Kh4 Ra6 41.Rd5 Ra1 42.Rd6 Kg7
43.Rd7+ Kh6 44.Rd6 Kg7 45.Rxb6 Ra4 46.f5 Ra1 47.Rb7+ Kh6 48.Rf7 Ra6 49.Kg3 Ra3+
50.Kh4 Ra6 51.Rf8 Kg7 52.Rc8 Ra1 53.Rc6 Rb1 54.Kg3 Rb3+ 55.Kf4 Rb4+ 56.Kf3 Ra4
57.Re6 Rb4 58.Re4 Rb3+ 59.Kf4 Kh6 60.Rd4 Ra3 61.Rd8 Ra4+ 62.Kf3 Kg7 63.Re8 Rb4
64.Re4 Rb3+ 65.Kf4 Kh6 66.Rd4 Ra3 67.g5+ fxg5+ 68.Ke5 g4 69.f6 Re3+ 70.Kf5 Rf3+
71.Ke6 Kg5 72.f7 g3 73.Rd3 Rf6+ 74.Ke7 Rxf7+ 75.Kxf7 Kf4  1/2-1/2

[Event "28th Avoine Open"]
[Site "Avoine FRA"]
[Date "2013.07.27"]
[Round "8.13"]
[White "Lenaerts,L"]
[Black "Doluhanova,E"]
[Result "0-1"]
[WhiteElo "2120"]
[BlackElo "2320"]

1.d4 Nf6 2.c4 e6 3.Nc3 Bb4 4.Qc2 O-O 5.a3 Bxc3+ 6.Qxc3 b6 7.f3 d5 8.Bg5 Nbd7
9.cxd5 exd5 10.Qc6 Ba6 11.Rc1 Rc8 12.Qa4 Nb8 13.b4 Bc4 14.e3 Bxf1 15.Kxf1 h6
16.Bxf6 Qxf6 17.Qxa7 Qe6 18.Rc3 c5 19.bxc5 Nc6 20.Qa4 bxc5 21.Ne2 cxd4 22.exd4 Rfe8
23.Qd1 Rb8 24.Rc2 Na5 25.Kf2 Qe3+ 26.Kf1 Nc4 27.Qc1 Rb3 28.Nf4 Rc3 29.Ne2 Qxe2+  0-1

[Event "65th ch-MNE 2013"]
[Site "Cetinje SRB"]
[Date "2013.07.27"]
[Round "8.17"]
[White "Radosevic,Nevena"]
[Black "Ajanovic,Berina"]
[Result "1/2-1/2"]
[WhiteElo "1463"]
[BlackElo "1382"]

1.d4 Nf6 2.c4 e6 3.Nc3 Bb4 4.Qc2 O-O 5.a3 Bxc3+ 6.bxc3 b6 7.e4 d6 8.Nf3 Nbd7
9.Bg5 e5 10.d5 Bb7 11.Be2 Rc8 12.O-O c6 13.Nd2 Ba6 14.Qa4 Nc5 15.Qc2 h6 16.Bxf6 Qxf6
17.Rfe1 cxd5 18.cxd5 Bxe2 19.Rxe2 b5 20.Nb3 Na4 21.Re3 Rc7 22.Na5 Rc5 23.Nc6 a6
24.Rae1 Qf4 25.Rf3 Qg4 26.Ne7+ Kh7 27.Qc1 Rc4 28.Rfe3 Nc5 29.f3 Qd7 30.Nc6 Nb7
31.R1e2 Nd8 32.Nxd8 Qxd8 33.Rb2 Qa5 34.Rb4 Rfc8 35.Qb2 Qb6 36.Qf2 Rxc3 37.Rxc3 Qxf2+
38.Kxf2 Rxc3 39.a4 Rc5 40.axb5 axb5 41.Kg3 Kg8 42.f4 f6 43.fxe5 fxe5 44.Kf3 Kf7
45.g4 g6 46.h4 Ke7 47.Rb3 Kd7 48.Ke2 Kc7 49.Kd2 Kb6 50.Rf3 Rc8 51.Rf6 Kc5
52.Rxg6 Rh8 53.Kc3 Rh7 54.h5 Rh8 55.Re6 Rg8 56.Rg6 Rh8 57.Re6 Rg8 58.Rg6 Rh8
59.Re6 Rg8  1/2-1/2

[Event "Sparkassen Open A 2013"]
[Site "Dortmund GER"]
[Date "2013.07.29"]
[Round "3.40"]
[White "Rolf,Marco"]
[Black "Deinert,W"]
[Result "1-0"]
[WhiteElo "1932"]
[BlackElo "1778"]

1.d4 Nf6 2.c4 e6 3.Nc3 Bb4 4.Qc2 O-O 5.Bg5 h6 6.Bh4 b6 7.e4 Bb7 8.f3 Nc6
9.e5 g5 10.Bf2 Ne8 11.h4 Ng7 12.hxg5 Qxg5 13.a3 Bxc3+ 14.Qxc3 Nf5 15.g4 Ng7
16.Be3 Qe7 17.Rxh6 Ne8 18.Qc2 f5 19.exf6 Rxf6 20.O-O-O Rxh6 21.Bxh6 Qh7 22.Qh2 Nd6
23.Bd3 Qh8 24.Qh5 Qf6 25.Ne2 Ne7 26.Bg5 Qf7 27.Bxe7 Qxe7 28.Rh1 Qg7 29.Nf4 Bxf3
30.Bh7+ Kf8 31.Ng6+ Ke8 32.Ne5+ Kd8 33.Nxf3 Kc8 34.Qg6 Qf8 35.Qg8 Kb7 36.Qxf8 Rxf8
37.Ne5 Rf4 38.g5 Rxd4 39.g6 Nf5 40.Rf1 Ne3 41.g7 Nxf1 42.g8=Q Ne3 43.Qg1  1-0

[Event "Politiken Cup 2013"]
[Site "Helsingor DEN"]
[Date "2013.07.29"]
[Round "4.80"]
[White "Andersen,So2"]
[Black "Andersen,Dag"]
[Result "1-0"]
[WhiteElo "2115"]
[BlackElo "1860"]

1.d4 Nf6 2.c4 e6 3.Nc3 Bb4 4.Qc2 O-O 5.a3 Bxc3+ 6.Qxc3 Ne4 7.Qc2 f5 8.Nh3 b6
9.f3 Nf6 10.b4 Bb7 11.Bb2 Qe7 12.e3 d6 13.Be2 Nbd7 14.O-O c5 15.Rfe1 Kh8
16.Rad1 Rac8 17.Qb1 Ba8 18.Qa1 Rfe8 19.Bd3 a6 20.d5 Ne5 21.dxe6 Nxd3 22.Rxd3 Nh5
23.Nf4 Nxf4 24.exf4 h5 25.Qd1 Red8 26.bxc5 Rxc5 27.Bd4 Rxc4 28.Bxb6 Rdc8
29.Rxd6 Rc1 30.Rd8+ Kh7 31.Qxc1 Rxc1 32.Rxc1 Qxe6 33.Bd4 Bc6 34.Be5 Qe7 35.Rc8 Qa7+
36.Kh1 Bb5 37.R1c7  1-0

[Event "Sparkassen Open A 2013"]
[Site "Dortmund GER"]
[Date "2013.07.30"]
[Round "4.7"]
[White "Wagner,Al"]
[Black "Beutelhoff,J"]
[Result "1-0"]
[WhiteElo "2220"]
[BlackElo "2111"]

1.d4 Nf6 2.c4 e6 3.Nc3 Bb4 4.Qc2 O-O 5.e4 c5 6.a3 Qa5 7.e5 cxd4 8.axb4 Qxa1
9.exf6 dxc3 10.fxg7 Kxg7 11.bxc3 d5 12.Nf3 Bd7 13.Bd3 h6 14.O-O Qa4 15.Bxh6+  1-0

[Event "9th Ribeira Valley Open 2013"]
[Site "Registro BRA"]
[Date "2013.07.30"]
[Round "1.10"]
[White "Do Prado,Andressa Souza Brito"]
[Black "Disconzi da Silva,R"]
[Result "0-1"]
[WhiteElo "1608"]
[BlackElo "2382"]

1.d4 Nf6 2.c4 e6 3.Nc3 Bb4 4.Qc2 O-O 5.Bg5 c5 6.e3 cxd4 7.exd4 Nc6 8.Nf3 h6
9.Bh4 Be7 10.a3 d5 11.Rd1 b6 12.Bd3 Bb7 13.O-O dxc4 14.Bxc4 Na5 15.Be2 Rc8
16.Qb1 Nd5 17.Bxe7 Qxe7 18.Ne4 Rfd8 19.Ne5 Nf4 20.Bb5 f5 21.Ng3 Bxg2 22.Rfe1 Qb7
23.f3 Bxf3 24.Rd2 Nb3 25.Rc2 Nxd4  0-1

[Event "Politiken Cup 2013"]
[Site "Helsingor DEN"]
[Date "2013.07.31"]
[Round "6.53"]
[White "Nielsen,JB"]
[Black "Rasmussen,L2"]
[Result "1/2-1/2"]
[WhiteElo "2161"]
[BlackElo "1977"]

1.d4 Nf6 2.c4 e6 3.Nc3 Bb4 4.Qc2 O-O 5.a3 Bxc3+ 6.Qxc3 b6 7.Nf3 Bb7 8.g3 d5
9.Bg2 Nbd7 10.O-O c5 11.dxc5 Nxc5 12.Rd1 Nce4 13.Qc2 Qc7 14.Ng5 Qxc4 15.Bxe4 Nxe4
16.Qxc4 dxc4 17.Nxe4 Bxe4 18.Rd4  1/2-1/2

[Event "Politiken Cup 2013"]
[Site "Helsingor DEN"]
[Date "2013.07.31"]
[Round "6.36"]
[White "Andersen,So2"]
[Black "Rosenkilde,A"]
[Result "1/2-1/2"]
[WhiteElo "2115"]
[BlackElo "2260"]

1.d4 Nf6 2.c4 e6 3.Nc3 Bb4 4.Qc2 O-O 5.a3 Bxc3+ 6.Qxc3 d5 7.cxd5 exd5 8.Bg5 c6
9.Nf3 Qd6 10.Bxf6 Qxf6 11.e3 Bf5 12.Be2 Nd7 13.Rc1 Qh6 14.b4 a6 15.a4 Nf6
16.O-O Ne4 17.Qb2 Bg4 18.b5 axb5 19.axb5 Rae8 20.Ne5 Bxe2 21.Qxe2 Re6 22.bxc6 bxc6
23.Rc2 Rfe8  1/2-1/2

[Event "Biel MTO 2013"]
[Site "Biel SUI"]
[Date "2013.08.01"]
[Round "10.14"]
[White "Hasenohr,B"]
[Black "Wirig,A"]
[Result "0-1"]
[WhiteElo "2276"]
[BlackElo "2496"]

1.d4 Nf6 2.c4 e6 3.Nc3 Bb4 4.Qc2 O-O 5.e4 d5 6.e5 Ne4 7.Bd3 c5 8.Ne2 cxd4
9.Nxd4 Nd7 10.Bf4 Qb6 11.Nf3 Ndc5 12.O-O Bxc3 13.bxc3 Nxd3 14.Qxd3 Qa6 15.Ng5 Nxg5
16.Bxg5 Qxc4 17.Qg3 Qe4 18.Rfe1 Qg6 19.Qh4 h6 20.Be7 Re8 21.Re3 Kh7 22.Rae1 Bd7
23.Rg3 Qf5 24.h3 Rac8 25.Rg5 Qc2 26.Re3 Rxe7 27.Rxg7+ Kxg7 28.Qxe7 Rxc3 29.Qf6+ Kg8
30.Qd8+ Kg7 31.Qf6+ Kg8 32.Qd8+ Be8 33.Qxe8+ Kg7 34.Re1 Qd2 35.Rf1 Rc1 36.g3 Rxf1+
37.Kxf1 Qd3+ 38.Kg1 Qb1+ 39.Kh2 Qf1  0-1

[Event "Politiken Cup 2013"]
[Site "Helsingor DEN"]
[Date "2013.08.01"]
[Round "7.13"]
[White "Schandorff,L"]
[Black "Matthiesen,M"]
[Result "1-0"]
[WhiteElo "2522"]
[BlackElo "2275"]

1.d4 Nf6 2.c4 e6 3.Nc3 Bb4 4.Qc2 O-O 5.a3 Bxc3+ 6.Qxc3 d5 7.Nf3 dxc4 8.Qxc4 b6
9.Bg5 Ba6 10.Qa4 c5 11.dxc5 bxc5 12.Rc1 Qb6 13.Bxf6 gxf6 14.Rc2 Nc6 15.e3 Bxf1
16.Kxf1 Rab8 17.Ke2 Ne5 18.Nxe5 fxe5 19.Rd1 Rfd8 20.Qc4 Rd6 21.Rxd6 Qxd6
22.Rd2 Qe7 23.Qg4+ Kh8 24.Qe4 f6 25.Qc6 Rb7 26.Kd1 Kg7 27.g4 Rc7 28.Qd6 Kf7
29.Kc2 Rb7 30.Qd8 Qxd8 31.Rxd8 f5 32.h3 Kf6 33.Rg8 e4 34.h4 Ke5 35.g5 f4
36.h5 fxe3 37.fxe3 Rf7 38.h6 Rf2+ 39.Kc3 Rh2 40.Rg7 Rh5 41.Rxh7 Rxg5 42.Rxa7 Rg3
43.Kd2 Rg2+ 44.Kc1 Rg1+ 45.Kc2 Rg2+ 46.Kb1 Rh2 47.h7 Kd5 48.a4 Kc6 49.a5 Kb5
50.Kc1 Kc4 51.Rb7  1-0

[Event "9th Ribeira Valley Open 2013"]
[Site "Registro BRA"]
[Date "2013.08.01"]
[Round "6.16"]
[White "Tofano,D"]
[Black "Proudian,Armen"]
[Result "0-1"]
[WhiteElo "2006"]
[BlackElo "2291"]

1.d4 Nf6 2.c4 e6 3.Nc3 Bb4 4.Qc2 O-O 5.a3 Bxc3+ 6.Qxc3 Ne4 7.Qc2 d5 8.Nf3 b6
9.Bf4 c5 10.e3 Bb7 11.Bd3 Nd7 12.cxd5 exd5 13.O-O Re8 14.Rfd1 c4 15.Bxe4 dxe4
16.Ne5 b5 17.Nxd7 Qxd7 18.Qe2 Bd5 19.h3 a5 20.Qd2 Re6 21.Kh2 Qe7 22.Qe2 Rea6
23.Qh5 Qd7 24.f3 Qb7 25.fxe4 Bxe4 26.d5 Rg6 27.Rd2 Rd8 28.Qe5 f5 29.Rad1 Qd7
30.g3 h6 31.Qc7 Bd3 32.d6 Re6 33.h4 Qe8 34.Rxd3 cxd3 35.Rxd3 Rd7 36.Qc6 g5
37.hxg5 hxg5 38.Bxg5 Rh7+  0-1

[Event "Biel MTO 2013"]
[Site "Biel SUI"]
[Date "2013.08.02"]
[Round "11.12"]
[White "Wirig,A"]
[Black "Zhao Xue"]
[Result "0-1"]
[WhiteElo "2496"]
[BlackElo "2553"]

1.d4 Nf6 2.c4 e6 3.Nc3 Bb4 4.Qc2 O-O 5.e4 d5 6.e5 Ne4 7.Bd3 c5 8.Nf3 cxd4
9.Nxd4 Nc5 10.O-O Nxd3 11.Qxd3 Nc6 12.Nf3 dxc4 13.Qxc4 Qa5 14.Re1 Ne7 15.Bg5 Bd7
16.Qg4 Ng6 17.h4 Bc6 18.h5 Bxf3 19.Qxf3 Nxe5 20.Qg3 f6 21.Bxf6 Nf3+ 22.Qxf3 Rxf6
23.Qh3 Raf8 24.Re2 Bxc3 25.bxc3 Qc5 26.Rf1 h6 27.Re3 Qc4 28.a3 Qa2 29.f3 Qxa3
30.Qg4 b6 31.Qc4 Qd6 32.Rfe1 Qd5 33.Qxd5 exd5 34.Kf2 Rc6 35.Rd1 Rfc8 36.Rdd3 Rc5
37.g4 Kf7 38.Ke2 Re8 39.Rxe8 Kxe8 40.Re3+ Kd7 41.Kd3 Rc8 42.Re5 Kd6 43.Rf5 Ke6
44.f4 a5 45.Re5+ Kd6 46.Re1 Rc4 47.Rb1 Kc5 48.Rf1 a4 49.g5 hxg5 50.fxg5 Rh4
51.Rf7 Rh3+ 52.Kc2 Rxh5 53.Rxg7 Rh2+ 54.Kd3 Rh3+ 55.Kc2 Rg3 56.Rg8 d4 57.cxd4+ Kc4
58.g6 Rg2+ 59.Kb1 Kb3 60.Rc8 Rxg6 61.Rc1 b5 62.Ka1 Rd6 63.d5 Rxd5 64.Rb1+ Kc3
65.Rc1+ Kb4 66.Rb1+ Ka5 67.Rh1 Rd2 68.Rh3 Kb4 69.Rh1 a3 70.Rh4+ Kc3 71.Rh3+ Rd3
72.Rh1 b4 73.Rc1+ Kd2 74.Rc8 b3 75.Kb1 Rh3 76.Rd8+ Kc3 77.Rc8+ Kb4 78.Rb8+ Kc5
79.Rc8+ Kb6 80.Rc1 Kb5 81.Rg1 Rc3 82.Rg5+ Kb4 83.Rg4+ Rc4 84.Rg2 a2+ 85.Kb2 Rc2+
86.Rxc2 bxc2 87.Kxa2 Kc3  0-1

[Event "Politiken Cup 2013"]
[Site "Helsingor DEN"]
[Date "2013.08.03"]
[Round "9.21"]
[White "Carstensen,J"]
[Black "Holm,Kristian Stuvik"]
[Result "1/2-1/2"]
[WhiteElo "2384"]
[BlackElo "2255"]

1.d4 Nf6 2.c4 e6 3.Nc3 Bb4 4.Qc2 O-O 5.e4 d6 6.Bd3 Nc6 7.Ne2 e5 8.d5 Nd4
9.Nxd4 exd4 10.a3 Ba5 11.b4 Bb6 12.Na4 Ng4 13.O-O Bd7 14.Nxb6 axb6 15.Bb2 Qh4
16.h3 Ne5 17.f4 Ng6 18.Qd2 Bxh3 19.Bxd4 f5 20.Qf2 fxe4 21.Qxh4 Nxh4 22.Bxe4 Bf5
23.Rfe1 Rfe8 24.Bxf5 Nxf5 25.Bb2 Kf7 26.Kf2 h5 27.Rad1 Rxe1 28.Rxe1 Re8 29.Rxe8 Kxe8
30.Kf3 Kf7 31.Bc3 Kg6 32.Ke4 Nh4 33.g3 Nf5 34.Be1 Kf6 35.Bc3+ Kg6 36.Be1 Kf6
37.Bc3+ Kg6  1/2-1/2

[Event "114th US Open"]
[Site "Middleton USA"]
[Date "2013.08.03"]
[Round "8"]
[White "Feng,Roland"]
[Black "Martin del Campo,R"]
[Result "0-1"]
[WhiteElo "2099"]
[BlackElo "2386"]

1.d4 Nf6 2.c4 e6 3.Nc3 Bb4 4.Qc2 O-O 5.Nf3 d5 6.Bg5 c5 7.e3 Nbd7 8.cxd5 exd5
9.Bd3 h6 10.Bh4 c4 11.Be2 Re8 12.O-O Qa5 13.Rfd1 Bxc3 14.bxc3 Ne4 15.Rac1 Nb6
16.Nd2 Bf5 17.Nxe4 Rxe4 18.Bg3 Bg6 19.Qd2 Re6 20.Re1 Qa3 21.Bd1 Na4 22.Bxa4 Qxa4
23.f3 Ra6 24.Re2 Bd3 25.Rf2 Re8 26.Re1 Rae6 27.h4 Qa3 28.e4 dxe4 29.fxe4 Bxe4
30.Qf4 Qxc3 31.Qxf7+ Kh7 32.Rxe4 Rxe4 33.Be5 R8xe5 34.dxe5 Qxe5 35.h5 Re1+
36.Rf1 Rxf1+ 37.Qxf1 Qc5+ 38.Kh1 Qxh5+ 39.Kg1 Qd5 40.Qb1+ Kh8 41.Qb2 b5 42.a3 Qc5+
43.Kf1 c3 44.Qc2 a5 45.Qe4 Qc8 46.Qc2 b4 47.axb4 axb4 48.Qb3 c2 49.Qb2 c1=Q+  0-1

[Event "Arad Open 2013"]
[Site "Arad ROU"]
[Date "2013.08.04"]
[Round "2.6"]
[White "Shishkin,Va UKR"]
[Black "Ifrim,S"]
[Result "1-0"]
[WhiteElo "2508"]
[BlackElo "2125"]

1.d4 e6 2.c4 Nf6 3.Nc3 Bb4 4.Qc2 O-O 5.a3 Bxc3+ 6.Qxc3 b6 7.Bg5 Bb7 8.Nf3 d6
9.Nd2 Nbd7 10.f3 h6 11.Bh4 c5 12.e3 Rc8 13.dxc5 dxc5 14.Bd3 Qe7 15.O-O Rfd8
16.Rad1 Nf8 17.Bc2 Rd7 18.Ba4 Rdd8 19.Rfe1 Ng6 20.Bf2 e5 21.Bc2 e4 22.f4 Ng4
23.Nf1 Nxf2 24.Kxf2 Rxd1 25.Rxd1 Rd8 26.Rxd8+ Qxd8 27.Ng3 Qh4 28.Kg1 Qg4
29.Qd2 Nh4 30.Qd8+ Kh7 31.Bd1 Nf3+ 32.gxf3 exf3 33.Qd3+ g6 34.e4 f2+ 35.Kxf2 Qxf4+
36.Bf3  1-0

[Event "Chinese Teams 2013"]
[Site "Wuxi CHN"]
[Date "2013.08.04"]
[Round "9.4"]
[White "Nie,X"]
[Black "Li Ruofan"]
[Result "0-1"]
[WhiteElo "2062"]
[BlackElo "2396"]

1.d4 Nf6 2.c4 e6 3.Nc3 Bb4 4.Qc2 O-O 5.e4 d6 6.a3 Bxc3+ 7.bxc3 c5 8.Bd3 Qc7
9.Ne2 Nc6 10.O-O e5 11.d5 Ne7 12.f4 exf4 13.Bxf4 Ng6 14.Ng3 Ng4 15.Nf5 Nxf4
16.Rxf4 Ne5 17.Qd2 Bxf5 18.exf5 f6 19.h4 a6 20.Be2 Rab8 21.a4 Rfe8 22.Kh2 Nd7
23.Rg4 Re5 24.Bd3 Kh8 25.h5 h6 26.Rf1 Nf8 27.Rf3 Nh7 28.Re3 Qf7 29.Rh4 Rbe8
30.Rxe5 Rxe5 31.Qb2 Ng5 32.Kg1 Qe8 33.Kf2 Qxa4 34.Rh1 Qe8 35.Rh4 a5 36.Rh1 a4
37.Qb5 Qe7 38.Qxa4 Re3 39.Qc2 Qe5 40.Rd1 Nh3+ 41.gxh3 Qg3+  0-1

[Event "XI Miguel Najdorf Open A 2013"]
[Site "Warsaw POL"]
[Date "2013.08.05"]
[Round "1.7"]
[White "Malisauskas,V"]
[Black "Barwinski,D"]
[Result "0-1"]
[WhiteElo "2455"]
[BlackElo "2141"]

1.d4 Nf6 2.c4 e6 3.Nc3 Bb4 4.Qc2 O-O 5.a3 Bxc3+ 6.Qxc3 h6 7.Nf3 d6 8.g4 Ne4
9.Qc2 f5 10.Rg1 Qf6 11.Be3 Nd7 12.O-O-O Nb6 13.gxf5 exf5 14.d5 Nd7 15.Nd4 Ne5
16.f4 Ng6 17.Nb5 Qf7 18.Nxc7 Qxc7 19.Rxg6 Kh7 20.Rg2 Bd7 21.Bd4 Rf7 22.e3 a6
23.Be2 Rg8 24.Rdg1 Re7 25.Bd3 g6 26.h4  0-1

[Event "Arad Open 2013"]
[Site "Arad ROU"]
[Date "2013.08.06"]
[Round "6.3"]
[White "Shishkin,Va UKR"]
[Black "Doros,R"]
[Result "1-0"]
[WhiteElo "2508"]
[BlackElo "2307"]

1.d4 Nf6 2.c4 e6 3.Nc3 Bb4 4.Qc2 O-O 5.Nf3 d5 6.cxd5 exd5 7.Bg5 h6 8.Bh4 c5
9.e3 g5 10.Bg3 Ne4 11.Bd3 Bf5 12.dxc5 Nd7 13.Nd4 Bg6 14.f3 Nxc3 15.bxc3 Bxd3
16.Qxd3 Nxc5 17.Qc2 Ba5 18.O-O Rc8 19.Rad1 Qf6 20.Qf5 Qg6 21.Qxd5 Rfd8 22.Qf5 Bxc3
23.Qxg6+ fxg6 24.Nb5 Bb4 25.Nxa7 Rxd1 26.Nxc8 Rd3 27.Rb1 Bd2 28.e4 Be3+ 29.Kf1 Rd2
30.Ne7+ Kf7 31.Nd5 Bd4 32.Rb4 Bg7 33.Bf2 Nd3 34.Rxb7+ Kf8 35.Be3 Rxa2 36.Rb8+ Kf7
37.Rb7+ Kf8 38.Rb3 Ra1+ 39.Ke2 Nc1+ 40.Bxc1 Rxc1 41.Rb8+ Kf7 42.Rb7+ Kf8
43.Ne7 Rc2+ 44.Ke3 Rxg2 45.Nxg6+ Kg8 46.e5 Rg1 47.Ke4 Re1+ 48.Kd5 Rf1 49.e6 Rd1+
50.Ke4 Rd4+ 51.Kf5 Rd5+ 52.Ke4 Rd4+ 53.Kf5 Rd5+ 54.Kg4 Rd2 55.Rb8+ Kh7 56.e7 Re2
57.Nf8+  1-0

[Event "22nd Kavala Open 2013"]
[Site "Kavala GRE"]
[Date "2013.08.07"]
[Round "3.4"]
[White "Batsiashvili,N"]
[Black "Nabaty,T"]
[Result "1/2-1/2"]
[WhiteElo "2412"]
[BlackElo "2567"]

1.d4 Nf6 2.c4 e6 3.Nc3 Bb4 4.Qc2 O-O 5.a3 Bxc3+ 6.Qxc3 b6 7.Bg5 Bb7 8.e3 d6
9.Ne2 Nbd7 10.Qc2 h6 11.Bh4 e5 12.O-O-O Be4 13.Qd2 Bh7 14.Nc3 Re8 15.f3 Qc8
16.Rg1 exd4 17.exd4 c5 18.d5 a6 19.g4 Ne5 20.Be2 Nfd7 21.f4 Ng6 22.Bf2 Rxe2
23.Nxe2 b5 24.Ng3 Nb6 25.Nf5 Nxc4 26.Qc3 Qf8 27.Bg3 Ne7 28.Nxe7+ Qxe7 29.Rge1 Be4
30.Re2 g6 31.h4 f5 32.h5 Qg7 33.hxg6 Qxc3+ 34.bxc3 Bf3 35.Re6 Bxd1 36.Kxd1 Rf8
37.gxf5 Rxf5 38.Ke2 Kg7 39.Kf3 Rf6 40.Rxf6 Kxf6 41.f5 a5 42.Ke4 Kg7 43.Kd3 Nb2+
44.Kc2 Nc4 45.Kd3 a4 46.Bf4 h5 47.Bg3 h4 48.Bxh4 Nxa3 49.Bg5 Nc4 50.Kc2 Nb6
51.Bf4 Nxd5 52.Bxd6 Ne3+ 53.Kd3 Nc4 54.Bxc5 a3 55.Bxa3 Nxa3  1/2-1/2

[Event "22nd Kavala Open 2013"]
[Site "Kavala GRE"]
[Date "2013.08.08"]
[Round "4.15"]
[White "Chakravarthi,Y"]
[Black "Kourousis,E"]
[Result "1-0"]
[WhiteElo "2084"]
[BlackElo "2388"]

1.d4 Nf6 2.c4 e6 3.Nc3 Bb4 4.Qc2 O-O 5.a3 Bxc3+ 6.Qxc3 d6 7.Bg5 Nbd7 8.f3 h6
9.Bh4 e5 10.e4 a5 11.Bf2 a4 12.Bd3 Nh5 13.Ne2 Qg5 14.g3 Nb8 15.h4 Qe7 16.O-O-O c5
17.d5 f5 18.exf5 Bxf5 19.Bxf5 Rxf5 20.g4 Nf4 21.Ng3 Rf8 22.Kb1 Na6 23.Qc2 b5
24.Nf5 Qf6 25.h5 Qd8 26.cxb5 Nc7 27.Nxd6 Qxd6 28.Bxc5 Qd7 29.Bxf8 Rxf8 30.Qc6 Rd8
31.Qxd7 Rxd7 32.d6 Ncd5 33.Rde1 Nd3 34.Rd1 N3f4 35.Rde1 Nd3 36.Re2 N5f4 37.Rd2 Kf7
38.Rhd1 Nc5 39.Rc2 Nb3 40.b6 Ne6 41.Rc7 Nbc5 42.b7 Nxc7 43.b8=Q N7e6 44.Qb4 Rb7
45.Qc4 Ke8 46.Rd5 Nb3 47.Qc8+  1-0

[Event "FSIM August 2013"]
[Site "Budapest HUN"]
[Date "2013.08.09"]
[Round "7.3"]
[White "Sean,W"]
[Black "Petran,Pa"]
[Result "0-1"]
[WhiteElo "2287"]
[BlackElo "2317"]

1.d4 Nf6 2.c4 e6 3.Nc3 Bb4 4.Qc2 O-O 5.Bg5 c5 6.e3 h6 7.Bxf6 Qxf6 8.a3 cxd4
9.axb4 dxc3 10.Qxc3 Qxc3+ 11.bxc3 b6 12.Nf3 Bb7 13.Nd4 a5 14.f3 Nc6 15.Nxc6 Bxc6
16.Rb1 axb4 17.Rxb4 Ra1+ 18.Kf2 Rfa8 19.h4 R8a2+ 20.Kg3 Rc2 21.Rxb6 f5 22.Bd3 Rxh1
23.Bxc2 Rc1 24.Rb2 Kf7 25.e4 fxe4 26.Bxe4 Bxe4 27.fxe4 Rxc3+ 28.Kf4 Rxc4
29.Rb7 Ke7 30.g3 g6 31.Ra7 Rb4 32.Ke5 g5 33.h5 Rb3  0-1

[Event "HZ Open 2013"]
[Site "Vlissingen NED"]
[Date "2013.08.09"]
[Round "8.43"]
[White "Bottema,M"]
[Black "Van de Griend,J"]
[Result "1-0"]
[WhiteElo "2087"]
[BlackElo "1959"]

1.d4 Nf6 2.c4 e6 3.Nc3 Bb4 4.Qc2 O-O 5.a3 Bxc3+ 6.Qxc3 d5 7.Nf3 Ne4 8.Qc2 Nd7
9.e3 c6 10.Bd3 f5 11.b3 b6 12.cxd5 Ndf6 13.dxc6 Qd5 14.O-O g5 15.a4 h5 16.Bc4 Qxc6
17.Ba3 Rd8 18.Be7 Re8 19.Bxf6 Nxf6 20.Qxf5  1-0

[Event "XI Miguel Najdorf Open A 2013"]
[Site "Warsaw POL"]
[Date "2013.08.09"]
[Round "5.14"]
[White "Alvarado,C"]
[Black "Nowak,L2"]
[Result "1/2-1/2"]
[WhiteElo "2203"]
[BlackElo "1994"]

1.d4 Nf6 2.c4 e6 3.Nc3 Bb4 4.Qc2 O-O 5.a3 Bxc3+ 6.Qxc3 d5 7.Bg5 c5 8.dxc5 d4
9.Qf3 Nbd7 10.O-O-O Nxc5 11.e3 e5 12.exd4 exd4 13.Bxf6 Qxf6 14.Qxf6 gxf6
15.f3 a5 16.Ne2 Rd8 17.Nf4 Bf5 18.Kd2 Re8 19.Bd3 Nxd3 20.Nxd3 Rac8 21.Rhe1 Re6
22.g4 Bxd3 23.Rxe6 fxe6 24.Kxd3 a4 25.Re1 e5 26.f4 Rc5 27.g5 b5 28.gxf6 bxc4+
29.Ke4 exf4 30.Kxd4 Rh5 31.Re2 f3 32.Rf2 Rh4+ 33.Ke3 Kf7 34.Kxf3 Kxf6 35.Kg3+ Kg5
36.Rd2 Rg4+ 37.Kf3 Rf4+ 38.Ke3 Rh4 39.Kf3 Rf4+ 40.Kg2 Rg4+  1/2-1/2

[Event "22nd Kavala Open 2013"]
[Site "Kavala GRE"]
[Date "2013.08.12"]
[Round "8.21"]
[White "Megalios,K"]
[Black "Ioannidis,Ev"]
[Result "0-1"]
[WhiteElo "2106"]
[BlackElo "2024"]

1.d4 Nf6 2.c4 e6 3.Nc3 Bb4 4.Qc2 O-O 5.e4 Nc6 6.e5 Ne8 7.Nf3 Be7 8.Be3 d5
9.a3 b6 10.cxd5 exd5 11.Bd3 h6 12.Nxd5 Qxd5 13.Be4 Qa5+ 14.Bd2 Nb4 15.Qd1 Nd3+
16.Bxd3 Qd5 17.Qe2 Bb7 18.O-O Rd8 19.Rfe1 Qe6 20.Bc3 c5 21.dxc5 Bxc5 22.Rad1 Nc7
23.Bb1 Qg4 24.b4 Be7 25.h3 Bxf3 26.hxg4 Bxe2 27.Rxd8 Rxd8 28.Rxe2 Nb5 29.Be1 Nxa3
30.Ba2 Rd1 31.Kh2 Nb5 32.e6 fxe6 33.Rxe6 Kf8 34.f4 Bd6 35.Re4 Rd4 36.Rxd4 Nxd4
37.Bd2 Nc2 38.Bb3 Nxb4 39.Bxb4 Bxb4 40.Ba4 Bd2 41.Kg3 Ke7 42.Kf3 Kd6 43.Ke4 Kc5
44.Kf5 Kc4 45.Bd7 b5 46.Be6+ Kc3 47.g5 hxg5 48.Kxg5 b4 49.g3 Kc2 50.Kg6 Bc3
51.g4 b3 52.g5 b2  0-1

[Event "10th Malaysian Open"]
[Site "Kuala Lumpur MAS"]
[Date "2013.08.12"]
[Round "4.29"]
[White "Wu,Mengxian"]
[Black "Muminova,N"]
[Result "0-1"]
[WhiteElo "1824"]
[BlackElo "2321"]

1.d4 Nf6 2.c4 e6 3.Nc3 Bb4 4.Qc2 O-O 5.a3 Bxc3+ 6.Qxc3 b6 7.Nf3 c5 8.dxc5 bxc5
9.Bg5 d6 10.e3 Nbd7 11.Bd3 Qb6 12.O-O Bb7 13.Qc2 Rab8 14.Rab1 a5 15.Rfd1 Bc6
16.b3 Qb7 17.Ne1 Rfc8 18.f3 Qc7 19.Qd2 Rb7 20.Nc2 Rcb8 21.b4 cxb4 22.axb4 Ba4
23.b5 Ne5 24.Rdc1 Bxc2 25.Rxc2 Nfd7 26.Be7 Nxd3 27.Qxd3 Nc5 28.Bxd6 Nxd3
29.Bxc7 Rxc7 30.b6 Rc6 31.Rd2 Nc5  0-1